Uruguay Trivia Quiz - Statistieken

Algemene statistieken
  • Deze quiz is 314 keer genomen
  • De gemiddelde score is 10 van 16
Antwoordstatistieken
Hint Antwoord % Correct
Officiële taal Spaans
99%
Aangrenzende landen Argentinië
97%
Aangrenzende landen Brazilië
97%
Hoofdstad Montevideo
92%
Evenement gewonnen door Uruguay in 1930 en 1950 WK Voetbal
85%
Valuta Peso
82%
Voetballer die op beroemde wijze meerdere tegenstanders heeft gebeten Luis Suárez
72%
In 2013 was Uruguay het eerste land dat dit volledig legaliseerde Cannabis
61%
Uruguay heeft 3,42 van deze dieren voor elke persoon, de hoogste verhouding ter wereld Koeien
58%
Traditionele dans die evolueerde in de regio van de bovenstaande Tango
57%
Monding gevormd waar die rivier de Paraná ontmoet Rio de la {Plata}
56%
Uruguay ligt in dit vruchtbare graslandgebied De {Pampa's}
44%
Van 1860–1914 kwamen meer dan 200.000 immigranten uit dit land Italië
40%
Rivier die de westelijke grens van Uruguay vormt Uruguay
34%
Nationale motto Libertad o {Muerte}
24%
Voorwerp op de vlag {Mei}zon
20%
Geen overeenkomende quizzen gevonden
Scoreverdeling
Procent van Mensen met Elke Score
Percentiel versus Aantal Correcte Antwoorden
Uw Scoregeschiedenis
U heeft deze quiz nog niet genomen